Charlotte and Emily Bronthe : a reference guide /

Bibliographic Details
Main Author: Crump, R. W. (Rebecca W.), 1944-
Format: Book
Language:English
Published: Boston, Mass. : G.K. Hall, 1982-
Subjects:

MARC

Tag First Indicator Second Indicator Subfields
LEADER 00000cam a22000008a 4500
001 in00000096077
005 20160601112436.0
008 820125m1982 mau b 00110 eng
010 |a  82001097  
020 |a 0816179530 
035 |a (OCoLC)08170488 
035 |9 AAK8468AM 
039 0 |a 2  |b 3  |c 3  |d 3  |e 3 
040 |a DLC  |c DLC  |d TXA  |d UtOrBLW 
049 |a TXAM  |c [1362677] 
050 0 0 |a Z8122  |b C78 
050 0 0 |a PR4168 
060 1 0 |a Bronte, Emily,  |d 1818-1848  |x Bibliography. 
082 0 |a 016.823/8/09  |2 19 
100 1 |a Crump, R. W.  |q (Rebecca W.),  |d 1944- 
245 1 0 |a Charlotte and Emily Bronthe :  |b a reference guide /  |c R.W. Crump. 
263 |a 8206 
264 1 |a Boston, Mass. :  |b G.K. Hall,  |c 1982- 
300 |a volumes ;  |c 25 cm. 
336 |a text  |b txt  |2 rdacontent 
337 |a unmediated  |b n  |2 rdamedia 
338 |a volume  |b nc  |2 rdacarrier 
500 |a Includes index. 
504 |a Bibliography: p. 
505 1 |a v. 1. 1846-1915. 
600 1 0 |a Brontë, Charlotte,  |d 1816-1855  |x Bibliography. 
600 1 0 |a Brontë, Charlotte,  |d 1816-1855  |x Criticism and interpretation  |x History. 
600 1 0 |a Brontë, Emily,  |d 1818-1848  |x Criticism and interpretation  |x History. 
999 |a MARS 
999 f f |s e3506a5b-7853-3a18-a956-e89ae7a985b7  |i 4935f1c7-b8ec-3927-ba77-01bd2fb5fd03  |t 0 
952 f f |p normal  |a Texas A&M University  |b College Station  |c Sterling C. Evans Library  |d Evans: Library Stacks  |t 0  |e Z8122 C78  |h Library of Congress classification  |i unmediated -- volume  |k v. 1  |m A14842387830 
998 f f |a Z8122 C78  |t 0  |l Evans: Library Stacks